Normal view
MARC view
- JAVASCRIPT 1.3
Entry Topical Term
001 - CONTROL NUMBER
- control field: 77606
003 - CONTROL NUMBER IDENTIFIER
- control field: NUST
005 - DATE AND TIME OF LATEST TRANSACTION
- control field: 20210628205940.0
008 - FIXED-LENGTH DATA ELEMENTS
- fixed length control field: 210628|| aca||aabn | a|a d
040 ## - CATALOGING SOURCE
- Original cataloging agency: NUST
- Transcribing agency: NUST
150 ## - HEADING--TOPICAL TERM
- Topical term or geographic name entry element: JAVASCRIPT 1.3
670 ## - SOURCE DATA FOUND
- Source citation: Work cat.: (NUST): Moncur, Micheel 77605, Teach yourself javascript 1.3 in 24 hours, 1999
